00728nam a2200193Ia 4500001000700000008004100007010001100048082001600059100010600075245003300181260008200214300001400296440000500310500004600315503000500361650002200366650005000388650009600438Z_4389220113s1977 xx 000 0 und d a167459 a636.082 C87 aCurso de Actualización sobre Temas Selectos de Endocrinología Veterinaria (1977 : México, D.F.) aMemorias /cpor John E. Cox aMéxico, D. F. :bUNAM. Facultad de Medicina Veterinaria y Zootecnia,c1977 ap.p. 1-26 a aEncuadernado con otros impresos similares a aEndocrinología  aReproducción animalxEstudio y enseñanza  aVeterinariaxCongresoso I. Cox, John II. UNAM. Facultad de Medicina Veterinaria y Zootecnia